| 000 | 00399nam a2200169Ia 4500 | ||
|---|---|---|---|
| 999 |
_c30751 _d30751 |
||
| 003 | 0100 | ||
| 005 | 20170922125348.0 | ||
| 008 | 130303s9999 xx 000 0 und d | ||
| 040 | _cARRUPELIB | ||
| 050 | _aGN17.A57 1973 | ||
| 245 | _aAnthropology and the colonial encounter | ||
| 260 |
_bHumanities Press _aNew Jersey _c1973 |
||
| 300 | _a281p. | ||
| 300 | _b 22cm. | ||
| 650 |
_aEthnology _xHistory _936186 |
||
| 650 |
_aGreat Britain _xColonies _931550 |
||
| 650 |
_aApplied anthropology _936187 |
||
| 942 |
_2lcc _cMONOGRAPH |
||